Molto dopo mezzanotte

Uloženo v:
Podrobná bibliografie
Hlavní autor: Bradbury, Ray
Médium: Kniha
Jazyk:angličtina
Tagy: Přidat tag
Žádné tagy, Buďte první, kdo vytvoří štítek k tomuto záznamu!

MARC

LEADER 00000nam a2200000 4500
001 CDOM0000002606
003 mi
005 20250827164858.0
008 250727b |||||||| |||| 00| 0 eng d
040 |c mi 
100 |a Bradbury, Ray 
245 1 |a Molto dopo mezzanotte  
942 |2 ddc  |c BK 
952 |0 0  |1 0  |2 ddc  |4 0  |7 0  |9 6091  |a MI  |b MI  |d 2006-07-02  |i 797  |l 0  |p CDOM797  |r 2025-07-13 16:28:00  |w 2025-07-13  |x ACQUISTO  |y BK 
999 |c 4865  |d 4865